| 000 | 00430nam a2200157Ia 4500 | ||
|---|---|---|---|
| 005 | 20260430133757.0 | ||
| 008 | 260429s9999||||xx |||||||||||||| ||und|| | ||
| 020 | _a8175810017 | ||
| 082 |
_a821.5 _bLAL |
||
| 100 | _aLall, Ramji | ||
| 245 | 0 |
_aAlexander pope : _bthe rape of the lock / _cRamji Lall |
|
| 250 | _a32nd ed. | ||
| 260 |
_aNew Delhi : _bRama Brothers India Pvt. Ltd., _c2006. |
||
| 300 | _a234 p.; pbk | ||
| 942 | _cTB | ||
| 999 |
_c53952 _d53952 |
||